| 000 | 01280nac a22002651u 4500 | ||
|---|---|---|---|
| 010 | _a99178169 | ||
| 020 | _a0192834983 (pbk.) | ||
| 082 | 0 | 0 |
_a320.1 _bH6821 |
| 090 |
_c1601 _d1601 |
||
| 100 | _aHobbes, Thomas, | ||
| 245 | 1 | 0 |
_aLeviathan / _cThomas Hobbes ; edited with an introduction and notes by J.C.A. Gaskin. |
| 260 |
_aOxford ; _aNew York : _bOxford University Press, _c1998. |
||
| 300 |
_alv, 508 p. ; _c20 cm. |
||
| 490 | 1 | _aOxford world's classics | |
| 500 | _a"First published as a World's classics paperback 1996"--T.p. verso. | ||
| 504 | _aIncludes bibliographical references (p. l-lii) and index. | ||
| 650 | 0 |
_aPolitical science _xEarly works to 1800. |
|
| 650 | 0 | _aState, The. | |
| 700 | 1 |
_aGaskin, J. C. A. _q(John Charles Addison) |
|
| 830 | 0 | _aOxford world's classics (Oxford University Press) | |
| 856 | 4 | 2 |
_3Publisher description _uhttp://www.loc.gov/catdir/enhancements/fy0605/99178169-d.html |
| 942 |
_cTB _k320.1H6821 |
||
| 999 |
_c1601 _d1601 |
||